Η Ρόδος προ και μετά την έκρηξη του μαζικού τουρισμού και οι μεταβολές στο φυσικό και ανθρωπογενές περιβάλλον : εμπειρική έρευνα σε κατοίκους του νησιού ; διπλωματική εργασία [μεταπτυχιακή εργσία]

Αποθηκεύτηκε σε:
Λεπτομέρειες βιβλιογραφικής εγγραφής
Κύριος συγγραφέας: Θεουλάκης, Κωνσταντίνος
Συγγραφή απο Οργανισμό/Αρχή: Πανεπιστήμιο Αιγαίου Σχολή Ανθρωπιστικών Επιστημών Τμήμα Επιστημών της Προσχολικής Αγωγής και του Εκπαιδευτικού Σχεδιασμού Πρόγραμμα Μεταπτυχιακών Σπουδών Περιβαλλοντική Εκπαίδευση
Άλλοι συγγραφείς: Ξανθάκου, Γιώτα Π. (dgsf)
Μορφή: Thesis Βιβλίο
Γλώσσα:Greek
Δημοσίευση: 2017.
Θέματα:
Διαθέσιμο Online:http://hdl.handle.net/11610/17806
Ετικέτες: Προσθήκη ετικέτας
Δεν υπάρχουν, Καταχωρήστε ετικέτα πρώτοι!

MARC

LEADER 00000cam a2200000 a 4500
001 1/114989
008 170921s2017####gr | ||| |||| ||gre||
040 |a GR-MyUa  |b gre  |c GR-MyUa  |e AACR2 
041 0 |a gre 
082 7 |a 338.4791   |2 (23) 
100 1 |a Θεουλάκης, Κωνσταντίνος. 
245 1 2 |a Η Ρόδος προ και μετά την έκρηξη του μαζικού τουρισμού και οι μεταβολές στο φυσικό και ανθρωπογενές περιβάλλον :   |b εμπειρική έρευνα σε κατοίκους του νησιού ; διπλωματική εργασία [μεταπτυχιακή εργσία] /   |c Θεουλάκης Κωνσταντίνος ; επιβλέπουσα καθηγήτρια: Ξανθάκου Ποτίτσα.  
260 |c 2017.  
300 |a 189 σ. :   |b πίν. ;   |c 30 εκ.  
500 |a Υπάρχει ψηφιακό αντίγραφο.  
500 |a Μέλη εξεταστικής επιτροπής: Καΐλα Μαρία, Παπαβασιλείου Βασίλειος.  
502 |a Διατριβή (μεταπτυχιακή) – Πανεπιστήμιο Αιγαίου, Ρόδος, 2017. 
504 |a Βιβλιογραφία: σ. 180-185.  
506 1 |a Πλήρες κείμενο - Ενδοπανεπιστημιακή δημοσίευση - Κλειδωμένη η δυνατότητα αντιγραφής - Να δημοσιοποιηθεί μετά τις 21-05-2018.  
650 0 |a Tourism  |z Greece  |z Rhodes (Island) 
650 0 |a Tourism  |x Social aspects  |z Greece  |z Rhodes (Island) 
650 0 |a Tourism  |x Economic aspects  |z Greece  |z Rhodes (Island) 
650 0 |a Tourism  |x Environmental aspects  |z Greece  |z Rhodes (Island) 
650 0 |a Culture and tourism  |z Greece  |z Rhodes (Island) 
650 0 |a Heritage tourism  |x Social aspects. 
700 1 |a Ξανθάκου, Γιώτα Π.  |e dgsf 
710 2 |a Πανεπιστήμιο Αιγαίου  |b Σχολή Ανθρωπιστικών Επιστημών  |b Τμήμα Επιστημών της Προσχολικής Αγωγής και του Εκπαιδευτικού Σχεδιασμού  |b Πρόγραμμα Μεταπτυχιακών Σπουδών Περιβαλλοντική Εκπαίδευση. 
852 |a INST  |b RHODES  |c DIATR  |e 20170921  |h 338.4791 ΘΕΟ  |p 005400039525  |q 005400039525  |t MTXE  |y 23 
856 |u http://hdl.handle.net/11610/17806 
924 |a Θεουλάκης   |b Κωνσταντίνος  |y Ρόδος  |z 2017-05  
970 |z 21-09-2017